000 01225fam a2200313 a 4500
001 2340124
005 20151007082333.0
008 990413s1999 maua b 001 0 eng
010 _a 99029110
020 _a0674000773 (alk. paper)
020 _a0674000781 (pbk. : alk. paper)
035 _a(OCoLC)41266156
035 _a(OCoLC)ocm41266156
035 _a(NNC)2340124
040 _aDLC
_cDLC
_dDLC
_dNNC
_dOrLoB-B
042 _apcc
050 0 0 _aJC578
_b.R38 1999
082 0 0 _a320/.01/1
_221
100 1 _aRawls, John,
_d1921-2002.
_99036
245 1 2 _aA theory of justice /
_cJohn Rawls.
250 _aRev. ed.
260 _aCambridge, Mass. :
_bBelknap Press of Harvard University Press,
_c1999.
300 _axxii, 538 p. :
_bill. ;
_c24 cm.
504 _aIncludes bibliographical references and index.
505 0 0 _gCh. I.
_tJustice as Fairness --
_gCh. II.
_tThe Principles of Justice --
_gCh. III.
_tThe Original Position --
_gCh. IV.
_tEqual Liberty --
_gCh. V.
_tDistributive Shares --
_gCh. VI.
_tDuty and Obligation --
_gCh. VII.
_tGoodness as Rationality --
_gCh. VIII.
_tThe Sense of Justice --
_gCh. IX.
_tThe Good of Justice.
650 0 _aJustice.
_920097
900 _bTOC
942 _2lcc
_cMONOGRAPH
999 _c123462
_d123462